Starts with 'SH' Quiz Stats

Quiz Updated Sep 3, 2015

Also try: Start the 'CAR'
Challenge
Share
Tweet
Embed
Score 0/18 Timer 05:00
38 Plays Today
Hint Word % Correct
Liquid used in shower to cleanse hairShampoo
99.6%
For example, circle, square, and trapezoidShape
98.4%
Dark figure cast by blocked light Shadow
98.1%
Done to a deck of cards before playingShuffle
93.2%
First name of detective created by Arthur Conan DoyleSherlock
92.2%
A small, crudely built cabin, or a little old place where the B-52s can get togetherShack
91.2%
A faster, alternate routeShortcut
87.8%
A plant similar to a clover, used as a symbol of Christianity in IrelandShamrock
87.8%
One who tends to sheepShepherd
87.7%
Hint Word % Correct
Superorder of fish with types such as hammerhead and whaleShark
85%
Famous British bard of comedies, tragedies and historiesShakespeare
85%
Projectile used in badminton Shuttlecock
80.7%
A cover for something that is elongated in shape, such as a swordSheath
79.9%
To persistently avoid, ignoreShun
76.6%
A smoothbore gun, designed to be fired from the shoulder that fires small shotsShotgun
75.9%
Religion native to Japan, defined as an 'action-centered religion'Shinto
64.6%
Led famous March to the Sea in the American Civil WarSherman
62.1%
Islamic legal system derived from KoranSharia
54.5%

You're not logged in!

Compare scores with friends on all Sporcle quizzes.
Sign Up with Email
OR
Log In

You Might Also Like...

Show Comments

Extras

Top Quizzes Today


Score Distribution

Your Account Isn't Verified!

In order to create a playlist on Sporcle, you need to verify the email address you used during registration. Go to your Sporcle Settings to finish the process.